| 000 | 00000nam##2200000za#4500 |
| 001 | 9.536009 |
| 003 | CaOODSP |
| 005 | 20240812121219 |
| 007 | ta |
| 008 | 150406|2001||||xxc||||| f|0| 0 fre|d |
| 022 | |a1192-4454 |
| 040 | |aCaOODSP|bfre |
| 041 | |aeng |
| 041 | |afre |
| 043 | |an-cn--- |
| 086 | 1 |aEn1-19/2001-1 |
| 110 | 1 |aCanada. |bRapport sur l'état de l'environnement. |
| 245 | 10|aIndicateurs de l'eau en milieu urbain: consommation d'eau et traitement des eaux usées par les municipalités |
| 260 | |aOttawa - Ontario : |bEnvironnement Canada. |c2001. |
| 300 | |aTexte français, 6p. : |bgraphiques ; |c28 cm. |
| 490 | 1 |aSérie nationale d'indicateurs environnementaux |x1192-4454|v2001-1 |
| 546 | |aBilingue |
| 563 | |aFeuilles mobiles |
| 590 | |a01-37|b2001-09-14 |
| 691 | 07|aÉvaluation environnementale|2gcpds |
| 691 | 07|aSol|2gcpds |
| 691 | 07|aTerre agricole|2gcpds |
| 776 | 0#|tIndicateurs de l'eau en milieu urbain - consommation d'eau et traitement des eaux usées par les municipalités |w(CaOODSP)9.606158 |
| 776 | 0#|tUrban water indicators - municipal water use and wastewater treatment |w(CaOODSP)9.577590 |
| 791 | |tUrban water indicators: municipal water use and wastewater treatment |eeng|w(CaOODSP)9.536008 |
| 830 | #0|aSérie nationale d'indicateurs environnementaux,|x1192-4454|v2001-1|w(CaOODSP)9.509237 |